|
|
|
|
| LEADER |
00000nam0a2200000 4500 |
| 001 |
221572 |
| 005 |
20231101230418.0 |
| 010 |
|
|
|a 9785160052472
|
| 035 |
|
|
|a (RuTPU)RU\TPU\book\241746
|
| 090 |
|
|
|a 221572
|
| 100 |
|
|
|a 20120912d2013 m y0rusy50 ca
|
| 101 |
0 |
|
|a rus
|
| 102 |
|
|
|a RU
|
| 105 |
|
|
|a y j 001zy
|
| 200 |
1 |
|
|a Финансовый менеджмент
|e учебник
|f А. И. Самылин
|
| 210 |
|
|
|a Москва
|c Инфра-М
|d 2013
|
| 215 |
|
|
|a 413 с.
|
| 225 |
1 |
|
|a Высшее образование. Бакалавриат
|
| 320 |
|
|
|a Библиогр.: с. 405-408.
|
| 330 |
|
|
|a Рассматриваются теоретические вопросы управления финансовыми ресурсами, капиталом, активами и результатами деятельности предприятия, оценки финансового состояния, денежных потоков, инвестиционных проектов, подходы к прогнозированию, бюджетированию и планированию в практической деятельности финансового менеджера. На основании приведенного большого объема расчетного материала и примеров показан порядок принятия управленческих решений, что позволит овладеть навыками проведения самостоятельных расчетов и выработки решений. Книга адресована студентам и аспирантам экономических специальностей, преподавателям экономических дисциплин вузов, менеджерам, финансистам, бухгалтерам и специалистам, принимающим управленческие решения при ведении финансово-хозяйственной деятельности.
|
| 606 |
1 |
|
|a Финансовый менеджмент
|2 stltpush
|3 (RuTPU)RU\TPU\subj\37217
|9 58322
|
| 610 |
1 |
|
|a финансы
|
| 610 |
1 |
|
|a Россия
|
| 610 |
1 |
|
|a управление
|
| 610 |
1 |
|
|a показатели
|
| 610 |
1 |
|
|a оценка
|
| 610 |
1 |
|
|a информационное обеспечение
|
| 610 |
1 |
|
|a модели
|
| 610 |
1 |
|
|a методы
|
| 610 |
1 |
|
|a производственная деятельность
|
| 610 |
1 |
|
|a эффективность
|
| 610 |
1 |
|
|a затраты
|
| 610 |
1 |
|
|a классификация
|
| 610 |
1 |
|
|a прибыль
|
| 610 |
1 |
|
|a финансовые риски
|
| 610 |
1 |
|
|a капитал
|
| 610 |
1 |
|
|a инвестиционные проекты
|
| 610 |
1 |
|
|a денежные потоки
|
| 610 |
1 |
|
|a предприятия
|
| 610 |
1 |
|
|a стоимость
|
| 610 |
1 |
|
|a финансовые потоки
|
| 610 |
1 |
|
|a планирование
|
| 610 |
1 |
|
|a прогнозирование
|
| 610 |
1 |
|
|a бюджетирование
|
| 610 |
1 |
|
|a учебники
|
| 610 |
1 |
|
|a CVP-анализ
|
| 686 |
|
|
|a У9(2)261.11я73
|v LBC/SL-A
|2 rubbk
|
| 700 |
|
1 |
|a Самылин
|b А. И.
|g Александр Иванович
|
| 801 |
|
1 |
|a RU
|b 63413507
|c 20120912
|
| 801 |
|
2 |
|a RU
|b 63413507
|c 20150521
|g RCR
|
| 900 |
|
|
|a Финансовый менеджмент
|
| 942 |
|
|
|c BK
|
| 955 |
|
|
|l 8
|
| 959 |
|
|
|a 114/20120911
|d 2
|e 359,90
|f ЧЗГЛ:1
|f АНЛ:1
|